000 00457nam a22001817a 4500
003 MPLRDC
005 20220104151647.0
008 210129b ||||| |||| 00| 0 eng d
082 _a857.62 XCJTL v.17
100 _a西村京太郎
245 _a虚幻特快车
_c林达中译
250 _a初版
260 _a
_b林白出版社
_c1985
300 _b
490 _a推理小说系列. 17
650 _a推理小说
942 _cBK
_o857.62 XCJTL v.17
999 _c52486
_d52476